| 000 | 00467nam a22001817a 4500 | ||
|---|---|---|---|
| 003 | CEME | ||
| 005 | 20210628202331.0 | ||
| 008 | 210121b xxu||||| |||| 00| 0 eng d | ||
| 020 | _a0-86356-510-7 | ||
| 040 | _c. | ||
| 082 | _a922.97 CLO | ||
| 100 |
_aClot, Andre Reisz, Matthew.J _959393 |
||
| 245 | _aSuleiman the magnificent | ||
| 260 |
_aLONDON _bSAQIB _c2005 |
||
| 300 | _aVII,399P | ||
| 650 |
_aBIOGRAPHY-SULEIMAN THE MAGNIFICENT _959394 |
||
| 942 |
_cBK _2ddc |
||
| 999 |
_c569391 _d569391 |
||